| 000 | 00646nam a22002291 4500 | ||
|---|---|---|---|
| 001 | 20971 | ||
| 003 | CZ PrNK | ||
| 005 | 20260207124822.0 | ||
| 008 | 021226s1952 xo slo | ||
| 040 |
_aABA001 _bcze _cABA001 _dABA001 |
||
| 041 | 1 |
_aslo _hfre |
|
| 100 | 1 |
_aMolière, _d1622-1673 _4aut |
|
| 245 | 1 | 0 |
_aLakomec : _bKomédia v 5 dejstvách / _cMolière |
| 250 | _a1. vyd. | ||
| 260 |
_aMartin : _bMatica slov., _c1952 |
||
| 300 |
_a113 s. ; _c8° |
||
| 490 | 1 |
_aPrekladová divadelná knižnica ; _vSv. 30 |
|
| 500 | _aPův. náz.: L'Avare | ||
| 830 | 0 | _aPrekladová divadelná knižnica | |
| 910 | _aABA001 | ||
| 942 |
_2ddc _cKLDO _n0 |
||
| 999 |
_c20971 _d20971 |
||